| 000 | 00802 a2200217 4500 | ||
|---|---|---|---|
| 010 | _aENG-89941 | ||
| 020 |
_a817824229X _c595.00 |
||
| 035 | _aEN-73474 | ||
| 037 | _bDBAD / VEN | ||
| 082 | 1 | 4 | _a304.6660954 |
| 090 |
_c12010 _d12010 |
||
| 100 | 1 | _aAhluwalia, Sanjam | |
| 245 | 1 |
_aReproductive restraints: _cby Sanjam Ahluwalia _bbirth control in India 1877-1947/ |
|
| 260 |
_aNew Delhi _bPermanent Black _c2008 |
||
| 260 | _bOrient Longman (Distributor) | ||
| 270 |
_a1/24, Asaf Ali Road, _bNew Delhi _e110002 _mdelgeneral@orientlongman.com _cDelhi |
||
| 300 |
_axii, 251p. _c24 cm (Hb) |
||
| 500 | _aIncludes bibliographical references & index. | ||
| 942 |
_adpl _cEN _k304.6660954 / AHL |
||
| 999 |
_c11656 _d11656 |
||